| 000 | 00502cab a2200205 4500 | ||
|---|---|---|---|
| 001 | X806 | ||
| 008 | 090401t1993 xxu||||| |||| 00| 0 eng d | ||
| 035 | _a(Sirsi) u67538 | ||
| 041 | _aeng | ||
| 245 | _aNew water abstraction charges | ||
| 260 | _c1993 | ||
| 350 | _a0 | ||
| 490 |
_aCS Monthly : Rural Practice _v2(9) June 1993, 2(1) |
||
| 650 | _aNHA | ||
| 650 | _aWATER ABSTRACTION CHARGES | ||
| 650 | _aWATER RESOURCES ACT 1991 S123 | ||
| 690 | _aWATER | ||
| 942 | _n0 | ||
| 948 | _c04/03/1997 | ||
| 999 |
_c42258 _d42258 |
||